Delhi, 100 years/ (Record no. 68925)

MARC details
000 -LEADER
fixed length control field 00830nam a22001937a 4500
005 - DATE AND TIME OF LATEST TRANSACTION
control field 20120807104346.0
010 ## - LCCN (DPL NO)
LC control number B-477197
020 ## - INTERNATIONAL STANDARD BOOK NUMBER
International Standard Book Number 9788170493860
Terms of availability 3995.00
035 ## - SYSTEM CONTROL NUMBER
System control number B-477197
037 ## - SOURCE OF ACQUISITION
Stock number dpl
Source of stock number/acquisition K.K.Pub/Ven
100 ## - MAIN ENTRY--PERSONAL NAME
Personal name Vardhan, Harsh
245 ## - TITLE STATEMENT
Title Delhi, 100 years/
Statement of responsibility, etc by Harsh Vardhan
260 ## - PUBLICATION, DISTRIBUTION, ETC. (IMPRINT)
Place of publication, distribution, etc New Delhi
Name of publisher, distributor, etc Manas Publications
Date of publication, distribution, etc 2012
270 ## - ADDRESS
Address 4402/5-A, Ansari Road, Darya Ganj,Opp.HDFC Bank,
City New Delhi
Postal code 110002 (India)
300 ## - PHYSICAL DESCRIPTION
Extent 336p.
Other physical details ill.col
Dimensions 27cm(Hb)
942 ## - ADDED ENTRY ELEMENTS (KOHA)
Source of classification or shelving scheme Dewey Decimal Classification
Item type English Books
Call number suffix VAR
Classification part 954.16
Holdings
Withdrawn status Lost status Not for loan Collection code Home library Current library Date acquired Source of acquisition Cost, normal purchase price Full call number Barcode Copy number Cost, replacement price Koha item type
    Not For Loan Reference Central Library Central Library 08/08/2012 K.K.Pub/1907/30.3.2012/SP/45/30.03.2012/30.03.2012 3995.00 954.16 VAR B-477197 1 3995.00 English Books

© Delhi Public Library
Hit Counter
free hit counter